[Event "Vergani Le Terrazze-Elite 2019"]
[Site "Villorba"]
[Date "2019.01.03"]
[Round "2"]
[White "Ochsner, Bjorn Moller"]
[Black "Velten, Paul"]
[Result "0-1"]
[WhiteElo "2447"]
[BlackElo "2496"]
[Annotator "TA"]
[PlyCount "56"]
[EventDate "2019.01.02"]
[EventType "swiss"]
[EventCountry "ITA"]
[SourceTitle "playchess.com"]
[Source "ChessBase"]
[SourceQuality "1"]

{[%evp 16,56,32,0,21,14,31,32,32,32,31,31,29,21,25,9,18,6,24,21,47,27,49,41,40,-5,0,-212,0,-33,-7,-30,-29,-50,0,-64,-58,-612,-600,-597,-580,-653,-659]} 1. e4 e6 2. d4 d5 3. Nc3 Nc6 4. Nf3 Nf6 5. Bd3 Nb4 (5... Bb4 6. O-O Bxc3 7. exd5 Bxd4 8. dxc6 Bb6 9. Qe2 bxc6 10. Ne5 Bb7 11. Bg5 h6 12. Bh4 Qd4 13. Bg3 O-O {1-0 (67) Brkic,A (2590)-Jobava,B (2685) Batumi 2018}) 6. Bg5 {C10: French with 3 Nc3: Unusual Black 3rd moves and 3...dxe4} Be7 7. e5 Nd7 8. Bxe7 Qxe7 9. O-O {LiveBook: 8 Games} a6 10. Re1 c5 11. dxc5 $146 ({Predecessor:} 11. a3 Nc6 12. dxc5 Nxc5 13. Ne2 Nd7 {½-½ (34) Eckert,M (1606)-Walter,J (1773) Kranenburg 2009}) 11... Nxc5 12. Bf1 O-O 13. Qd2 Rd8 14. Rad1 Nc6 15. Qf4 b5 16. Ne2 {[%cal Bc3e2,Be2g3,Bg3h5,Bh5f4][%mdl 32]} Bb7 17. Ng3 Rac8 18. Nh5 Qf8 19. Qg4 Kh8 20. Ng5 h6 21. Re3 $2 {[#]} (21. Nf3 $11) 21... Ne7 $2 ({Avoid the trap} 21... hxg5 $2 22. Rh3 $18) (21... d4 $1 $19 {[%cal Rd4e3]} 22. Rh3 Nxe5) 22. Rh3 {aiming for Nxg7!} Nf5 23. Nf4 {Strongly threatening b4.} Kg8 24. Nf3 $1 Ne4 25. Bd3 (25. c3 $11) 25... Rc4 $36 {[%mdl 2048] Hoping for ...Nxf2! Black fights for an advantage.} 26. b3 $2 {[%mdl 8192] [#]} ({Much worse is} 26. Bxc4 dxc4 27. Nh4 Ng5 $17) (26. c3 $15) 26... Nxf2 $1 $19 {[%mdl 512] Black is clearly winning.} 27. Kxf2 Qc5+ 28. Nd4 Qxd4+ {[%mdl 64] Double Attack. Accuracy: White = 43%, Black = 45%.} 0-1

[Event "Vergani Le Terrazze-Elite 2019"]
[Site "Villorba"]
[Date "2019.01.03"]
[Round "2"]
[White "Gilevych, Artem"]
[Black "Sonis, Francesco"]
[Result "1/2-1/2"]
[WhiteElo "2404"]
[BlackElo "2473"]
[Annotator "TA"]
[PlyCount "62"]
[EventDate "2019.01.02"]
[EventType "swiss"]
[EventCountry "ITA"]
[SourceTitle "playchess.com"]
[Source "ChessBase"]
[SourceQuality "1"]

{[%evp 14,62,-51,-71,-70,-70,-70,-80,-67,-34,-31,-26,-9,-87,-91,-108,-99,-108,-39,-79,-12,-65,-65,-204,-196,-236,-167,-178,-108,-203,-92,-92,-37,-44,0,0,0,0,47,47,47,47,47,47,50,57,72,68,62,58,79]} 1. d4 Nf6 2. c4 e6 3. Nc3 Bb4 4. e3 b6 5. Bd3 Bb7 6. Nge2 Bxg2 7. Rg1 Bf3 {E43: Nimzo-Indian: Rubinstein: 4...b6} 8. Rg3 {LiveBook: 7 Games} (8. Qc2 Nc6 9. a3 Bd6 10. Rxg7 Kf8 11. Ng1 Bg4 12. Rxg4 Nxg4 13. h3 Nh2 14. Bd2 Qh4 15. O-O-O Qxf2 {1-0 (32) Gelfand,B (2741)-Vallejo Pons,F (2703) Leon 2010}) 8... Bxc3+ (8... Bh5 {looks sharper.} 9. Qc2 O-O 10. Nf4 Bg6 11. Nxg6 hxg6 12. Bd2 d5) 9. bxc3 Be4 {Black is slightly better.} 10. f3 Bg6 $146 ({Predecessor:} 10... Bxd3 11. Qxd3 g6 12. e4 d6 13. Bg5 h6 14. Rh3 Rh7 15. Rxh6 Rxh6 16. Bxh6 {0-1 (50) Iljin,T (2398)-Polivanov,A (2380) Alushta 2010}) 11. e4 d6 12. Bg5 $1 Nbd7 13. Qa4 (13. f4 $1 $11) 13... O-O $17 14. Qc6 Qc8 15. Nf4 Qa6 (15... e5 $17 16. Nd5 Nxd5 17. Qxd5 h6) 16. Kd2 Rac8 (16... Qa3 $17 {aiming for ...Qb2+.} 17. Kc2 Rac8) 17. Bxf6 (17. a4 $1 $11) 17... Nxf6 $15 18. e5 (18. a4 $15) 18... dxe5 $19 19. dxe5 Nh5 20. Nxh5 {[#] Strongly threatening Nf4.} Bxh5 ({Better is} 20... Qa3 $1 $19 {[%cal Ra3b2]} 21. Bxg6 Qb2+ 22. Bc2 Rcd8+ 23. Qd5 Rxd5+ 24. cxd5 Rd8 25. Nf6+ Kh8) 21. Kc2 (21. a4 $17) 21... Bg6 (21... Qa3 $19 {White must now prevent ...Rcd8.} 22. Rg5 Bg6 23. Bxg6 hxg6 24. Rxg6 Rfd8) 22. Bxg6 $17 hxg6 (22... fxg6 $17 23. Rg4 Qa5) 23. a4 $15 Qa5 24. f4 Rfd8 25. h4 a6 {[#]} 26. h5 $1 {[%mdl 512]} Qc5 ({Don't go for} 26... gxh5 $2 27. Qg2 $18) 27. Qxc5 bxc5 28. hxg6 fxg6 29. Rxg6 {Threatens to win with Rag1.} Kf7 30. Rag1 Rg8 31. a5 Rce8 {Precision: White = 44%, Black = 40%.} 1/2-1/2

[Event "Vergani Le Terrazze-Elite 2019"]
[Site "Villorba"]
[Date "2019.01.03"]
[Round "3"]
[White "Bernadskiy, Vitaliy"]
[Black "Prithu Gupta"]
[Result "1/2-1/2"]
[WhiteElo "2550"]
[BlackElo "2462"]
[Annotator "TA"]
[PlyCount "167"]
[EventDate "2019.01.02"]
[EventType "swiss"]
[EventCountry "ITA"]
[SourceTitle "playchess.com"]
[Source "ChessBase"]
[SourceQuality "1"]

{[%evp 12,167,15,6,35,35,38,37,39,42,43,44,54,43,100,116,85,102,107,6,9,6,9,8,2,2,1,3,5,0,0,0,0,7,14,-47,50,-43,-45,-48,-53,-56,-23,-27,-15,-17,-13,-31,0,-26,-12,-15,-5,-9,0,0,0,0,0,-32,-33,-66,-66,-77,-70,-88,-92,-94,-79,-83,-63,-63,-63,-65,-65,-65,-65,-96,-80,-84,-58,-68,0,-36,-38,-32,-35,-39,-33,-33,-36,-35,-33,-54,-54,-54,-54,-54,-54,-65,-65,-65,-65,-65,-65,-65,-65,-65,-65,-65,-65,-65,-65,-65,-47,-65,-65,-65,-65,-65,-65,-65,-65,-65,-65,-68,-68,-68,-68,-68,-68,-68,-68,-71,-71,-71,-71,-71,-71,-71,0,-67,-67,-67,-65,-67,-67,-66,-65,-65,-65,-71,-71,-71,-71,-71,-71,-71]} 1. d4 Nf6 2. c4 e6 3. Nf3 b6 4. g3 Ba6 5. Qa4 Bb7 6. Bg2 c5 7. dxc5 {LiveBook: 1078 Games. E15: Queen's Indian: 4 g3 sidelines, 4 g3 Ba6 and 4 g3 Bb7 early deviations} Bc6 (7... bxc5 8. O-O Be7 9. Nc3 O-O 10. Rd1 Qb6 11. Bf4 d6 12. Rab1 Nbd7 13. b4 Rfb8 14. a3 h6 15. h3 a6 16. Qa5 Qxa5 17. bxa5 Ne8 18. Ne5 Nxe5 19. Bxb7 Nxc4 20. Bxa8 Rxa8 {0-1 (49) Xu,Y (2545)-Jakovenko,D (2732) China 2018}) 8. Qc2 bxc5 9. O-O {White is slightly better.} d6 10. Nc3 Be7 11. Rd1 O-O 12. Bf4 $146 ({Predecessor:} 12. e4 Nbd7 13. Bf4 Qb8 14. Rd2 Ne5 15. Nxe5 dxe5 {½-½ (38) Tsarukian,E (2140)-Sumachev,D (2221) Kirov 2018}) 12... Qc7 (12... a6 $14) 13. Nb5 $16 Bxb5 14. cxb5 a6 {[#]} 15. Nd4 ({White should play} 15. Nd2 $1 $16 Nd5 16. b6 Qxb6 17. Nc4) 15... Ra7 $1 $11 16. Qb3 Qb6 $1 17. Nc6 Nxc6 18. bxc6 Qxb3 19. axb3 d5 $1 20. b4 cxb4 21. Be3 Raa8 22. Bb6 $1 Rfc8 23. Rdc1 (23. c7 $11) 23... b3 ({Better is} 23... Bd6 $15) 24. f4 (24. c7 $14) 24... Bb4 $15 25. Ba5 Bxa5 26. Rxa5 Ra7 27. e3 Rac7 28. Rxa6 Kf8 29. Bf1 Rb8 30. Rc5 Ne4 31. Rb5 Rxb5 32. Bxb5 $11 {[%mdl 4096] Endgame KRB-KRN} Nd6 33. Ba4 Nc4 34. Bxb3 Nxb2 35. Kf1 Nd3 36. Rb6 Nc5 37. Bd1 Ke7 38. Be2 Kd6 39. Bb5 Ne4 40. Rb8 Nc3 41. Bd3 g6 42. g4 f5 43. gxf5 gxf5 44. Re8 Rxc6 45. Rd8+ Kc5 46. Rd7 Rd6 ({Black should try} 46... h5 $15) 47. Rxh7 d4 48. Rc7+ Kb6 49. Rc8 Kb7 50. Rc5 Nd5 51. exd4 Nxf4 52. Bxf5 exf5 53. Rxf5 Rxd4 $15 {KRN-KR} 54. Kf2 Nd5 55. h4 Kc6 56. h5 Kd6 57. Kg3 Ke6 58. Rg5 Nf6 {[#] Strongly threatening ...Ne4+.} 59. Ra5 Rg4+ 60. Kf3 Rg8 61. Rb5 Nd5 62. Ra5 Rd8 63. h6 Nf6 64. Ra7 Kf5 65. h7 Kg6 66. Ra6 Rh8 67. Kf4 Rxh7 68. Kf3 Rd7 69. Rb6 Kf5 70. Rb5+ Nd5 71. Ra5 Ke5 72. Rb5 Rf7+ 73. Kg3 Ke4 74. Ra5 Rg7+ 75. Kf2 Rf7+ 76. Kg3 $1 Rf3+ 77. Kg4 Rb3 78. Ra4+ Ke5 79. Ra5 Rb4+ 80. Kf3 Rd4 81. Ra8 Rd3+ {Black is better.} 82. Kf2 Nf6 83. Ke2 Rh3 84. Rf8 {Accuracy: White = 54%, Black = 73%.} 1/2-1/2

[Event "Vergani Le Terrazze-Elite 2019"]
[Site "Villorba"]
[Date "2019.01.03"]
[Round "3"]
[White "Carnicelli, Valerio"]
[Black "Basso, Pier Luigi"]
[Result "0-1"]
[WhiteElo "2241"]
[BlackElo "2522"]
[Annotator "TA"]
[PlyCount "242"]
[EventDate "2019.01.02"]
[EventType "swiss"]
[EventCountry "ITA"]
[SourceTitle "playchess.com"]
[Source "ChessBase"]
[SourceQuality "1"]

{[%evp 34,242,0,-22,-25,-33,-36,-41,-20,-31,-12,-18,-18,-41,-34,-46,-42,-89,-89,-100,-104,-101,-100,-99,-97,-108,-22,-29,0,0,0,-87,-84,-162,-162,-162,-162,-162,-162,-162,-162,-162,-162,-162,-153,-162,-162,-162,-162,-162,-66,-66,-66,-66,-66,-66,0,-66,-66,-66,-52,-52,-52,-53,-23,-47,-20,-42,-42,-42,-42,-66,-66,-66,-66,-42,-16,-16,-16,-16,-16,-66,-66,-66,0,-66,-42,-42,0,-53,-53,-61,0,0,0,-42,8,-12,0,-16,-16,-16,-16,-88,-64,-282,-282,-282,-282,-282,-282,-747,-208,-704,-282,-1000,-992,-976,-894,-716,-679,-546,-282,-520,-282,-282,-282,-989,-989,-1388,-989,-1305,-1305,-992,-779,-597,-282,-282,-282,-520,-457,-281,-201,-262,-255,-255,-232,-197,-16,-16,-16,-5093,-24,-24,-24,-24,-16,-16,-16,-16,-16,-16,-16,-16,-16,-16,-16,-16,0,-16,-16,-16,-16,-16,-16,-16,-16,-16,-16,-16,-16,-16,-16,-16,-16,-16,-16,-16,-16,-16,-16,-24,-16,-16,-16,-1685,0,-24,-20,-29979,-29980,-29980,-29981,-29981,-29981,-29988,-29989,-29989,-29990,-29990,-29991]} 1. e4 e5 2. Nf3 Nc6 3. d4 exd4 4. Nxd4 Nf6 5. Nxc6 bxc6 6. e5 Qe7 7. Qe2 Nd5 8. c4 Ba6 9. b3 g6 10. g3 Bg7 11. Bb2 O-O 12. Bg2 Rae8 13. O-O Bxe5 {C45: Scotch Game} 14. Qxe5 Qxe5 15. Bxe5 Rxe5 16. cxd5 Bxf1 17. Kxf1 cxd5 18. Nc3 {LiveBook: 77 Games} (18. Na3 c6 19. Rd1 Rfe8 20. Bf3 Kf8 21. Nc2 {½-½ (32) Salgado Lopez,I (2644)-Kryvoruchko,Y (2689) Riadh 2017}) 18... c6 19. Rd1 Rfe8 20. Bf3 Kf8 21. Na4 Ke7 $146 22. Nc5 Kd6 23. Nd3 R5e7 24. b4 Rb8 25. a3 {[#]} a5 $1 {[%mdl 512]} 26. h4 (26. bxa5 Rb3) 26... Ree8 27. Kg2 axb4 28. axb4 Ra8 29. Nc5 Ra2 (29... Reb8 $17 30. Nd3 Ra3) 30. Ne4+ $1 $11 Kc7 31. Nf6 Rb8 32. Rd4 (32. Re1 $11) 32... h5 $17 33. Nxd5+ (33. b5 $17 {was called for.}) 33... cxd5 $19 34. Bxd5 $17 {[%mdl 4096] Endgame KRR-KRB} Rb2 $1 35. Bxf7 Rb6 $1 (35... R2xb4 36. Rxb4 Rxb4 37. Bxg6 $17) 36. Rf4 Kd8 $1 (36... R2xb4 37. Rxb4 Rxb4 38. Bxg6 $17) 37. Kf3 Ke7 ({Don't take} 37... R2xb4 38. Rxb4 Rxb4 39. Bxg6 $17) 38. Ke3 Rd6 ({Don't do} 38... R2xb4 39. Rxb4 Rxb4 40. Bxg6 $17) 39. Kf3 Rf6 40. Rxf6 Kxf6 $19 {KR-KB} 41. Be8 Rd2 (41... d5 $1 $19 42. b5 Rb4) 42. b5 $15 Rd3+ 43. Kf4 Rd5 44. Kf3 $1 Rd3+ 45. Kf4 Rd4+ 46. Kf3 $1 d6 47. Ke3 Rb4 48. Kd3 Rb2 49. Ke3 Kf5 50. Bd7+ Ke5 51. Be8 Rb3+ 52. Ke2 Kf5 53. Bc6 Kf6 54. Kd2 Ke7 55. Kc2 Rb4 56. Kc3 Rb1 57. Kd3 Rb2 58. Ke3 {[#]} Kf6 ({Better is} 58... d5 $1 $15 {[%mdl 512]}) 59. Kf3 ({White should try} 59. Be8 $11) 59... Ke5 60. Be8 $1 Rb3+ 61. Ke2 Kf6 62. Bc6 Kg7 (62... Kf5 $15) 63. Kd2 $11 Rb2+ 64. Ke3 (64. Kc3 $5 {[%cal Rc3b2]} Rxf2 65. b6 $11) 64... Kh6 65. Kf3 g5 66. hxg5+ Kxg5 67. Ke3 Rb4 68. Kf3 (68. Be8 $11 {remains equal.}) 68... Kf5 $17 69. Bd7+ $2 (69. Ke3 $15) 69... Ke5 $19 70. Be8 h4 $1 {[%cal Rh4h3]} 71. gxh4 Rxh4 72. Ke3 $2 (72. Kg3 Rf4 73. Bc6) 72... d5 $2 (72... Re4+ 73. Kd3 d5) 73. Bc6 $2 (73. Bg6) 73... Rb4 (73... Re4+ $142 74. Kd3 Kd6) 74. Kd3 $2 (74. f4+ Kd6 75. Kf3) 74... Rb3+ 75. Ke2 Ke4 76. f3+ Kd4 77. f4 Ke4 78. Kd2 $2 (78. f5 {only move.}) 78... Rd3+ 79. Kc2 Rh3 80. f5 $2 (80. Kd2) 80... Kd4 81. Kb2 Kc5 82. Bd7 Rh7 83. Be8 Re7 84. Bg6 Re2+ (84... Kc4 $142 85. Bh5 Re4) 85. Kc3 Rg2 ({Much less strong is} 85... Kxb5 86. Kd3 $19) 86. Be8 $2 (86. Kd3) 86... Rg3+ 87. Kc2 Re3 88. Bd7 Re7 89. Be6 Rb7 90. f6 {[%cal Bf5f6,Bf6f7][%mdl 32] intending f7.} Rxb5 $2 (90... Rb8 $1 $19 {Strongly threatening ...Rf8.} 91. Kc3 Kd6) 91. f7 $1 $11 {[%cal Rf7f8]} Rb8 92. Bd7 $2 {[%mdl 8192]} (92. Bg4 $11) 92... Rh8 $2 (92... Rf8 $1 $19 {[%cal Rf8f7]} 93. Be8 Kc4) 93. Kd3 Kd6 94. Bf5 $1 Ke5 95. Bh7 Rf8 96. Bg8 Ra8 {...Ra3+ is the strong threat.} 97. Ke3 d4+ 98. Kd3 Rd8 99. Bh7 Kd5 100. Be4+ Ke5 101. Bh7 Rf8 102. Bg8 Kd5 103. Bh7 Rb8 104. Bg8 Ke5 {aiming for ...Rb3+.} 105. Bh7 Rd8 106. Kc4 Rf8 107. Bg6 Ra8 108. Kd3 Ra3+ 109. Ke2 Ra2+ 110. Kf3 Ra8 {Hoping for ...Rf8.} 111. Bd3 Rd8 112. Bb5 Rh8 {White should prevent ...Ke6.} 113. Be8 Kd5 114. Bd7 $2 {[%mdl 8192] [#]} (114. Kg4 $11) 114... Kc4 $2 ({Black should play} 114... Rf8 $1 $19 {[%cal Rf8f7]} 115. Be8 Kc4) 115. Bf5 Kc3 116. Kf4 $2 {[%mdl 8192] [#]} (116. Ke2 $11) 116... Rf8 $1 {Black mates.} 117. Bg6 d3 {[%cal Bd4d3,Bd3d2][%mdl 32]} 118. Ke3 d2 119. Ke2 Rd8 120. Kd1 Ra8 121. Ke2 Ra1 {Precision: White = 42%, Black = 53%.} 0-1

[Event "Vergani Le Terrazze-Elite 2019"]
[Site "Villorba"]
[Date "2019.01.04"]
[Round "5"]
[White "Andraisian, Zaven"]
[Black "Epishin, Vladimir"]
[Result "1/2-1/2"]
[WhiteElo "2604"]
[BlackElo "2563"]
[Annotator "ChessBase"]
[PlyCount "57"]
[EventDate "2019.01.02"]
[EventType "swiss"]
[EventCountry "ITA"]
[SourceTitle "playchess.com"]
[Source "ChessBase"]
[SourceQuality "1"]
[TimeControl "5400+30"]

1. e4 {[%emt 0:02:32]} c6 {[%emt 0:00:12]} 2. d4 {[%emt 0:00:13]} d5 {[%emt 0:00:08]} 3. e5 {[%emt 0:00:05]} c5 {[%emt 0:01:00]} 4. dxc5 {[%emt 0:00:13]} e6 {[%emt 0:00:06]} 5. Bd3 {[%emt 0:00:45]} Nd7 {[%emt 0:01:39]} 6. Nf3 {[%emt 0:00:36]} Nxc5 {[%emt 0:00:13]} 7. O-O {[%emt 0:00:59]} Ne7 {[%emt 0:02:06]} 8. Nc3 {[%emt 0:02:13]} Nxd3 {[%emt 0:10:35]} 9. Qxd3 {[%emt 0:00:19]} Bd7 {[%emt 0:00:38]} 10. Bd2 {[%emt 0:16:58]} Ng6 {[%emt 0:06:40]} 11. Rae1 {[%emt 0:00:40]} Bc5 {[%emt 0:02:51]} 12. Nd4 {[%emt 0:08:30]} O-O {[%emt 0:05:25]} 13. Nb3 {[%emt 0:05:27]} b6 {[%emt 0:05:53]} 14. Kh1 {[%emt 0:13:02]} Rc8 {[%emt 0:18:51]} 15. f4 {[%emt 0:01:13]} Re8 {[%emt 0:00:09]} 16. Ne2 {[%emt 0:01:54]} f6 {[%emt 0:05:30]} 17. exf6 {[%emt 0:01:09]} Qxf6 {[%emt 0:00:03]} 18. Bc3 {[%emt 0:00:24]} Qf5 {[%emt 0:00:34]} 19. Qg3 {[%emt 0:05:45]} Bd6 {[%emt 0:00:26]} 20. Nbd4 {[%emt 0:01:47]} Qh5 {[%emt 0:03:55]} 21. Qd3 {[%emt 0:07:40]} Rf8 {[%emt 0:03:23]} 22. Bd2 {[%emt 0:06:05]} Ne7 {[%emt 0:09:10]} 23. Ng3 {[%emt 0:03:30]} Qg6 {[%emt 0:00:53]} 24. Qe2 {[%emt 0:03:19]} Rf6 {[%emt 0:05:17]} 25. c3 {[%emt 0:01:59]} Re8 {[%emt 0:02:00]} 26. Qd1 {[%emt 0:08:41]} Ref8 {[%emt 0:03:52]} 27. Nge2 {[%emt 0:04:05]} Nf5 {[%emt 0:02:29]} 28. Nxf5 {[%emt 0:02:35]} Rxf5 {[%emt 0:00:17]} 29. Nd4 {[%emt 0:00:09]} 1/2-1/2

[Event "Vergani Le Terrazze-Elite 2019"]
[Site "Villorba"]
[Date "2019.01.04"]
[Round "5"]
[White "Ter-Sahakyan, Samvel"]
[Black "Velten, Paul"]
[Result "1/2-1/2"]
[WhiteElo "2574"]
[BlackElo "2496"]
[Annotator "ChessBase"]
[PlyCount "81"]
[EventDate "2019.01.02"]
[EventType "swiss"]
[EventCountry "ITA"]
[SourceTitle "playchess.com"]
[Source "ChessBase"]
[SourceQuality "1"]
[TimeControl "5400+30"]

1. e4 {[%emt 0:00:00]} e6 {[%emt 0:00:00]} 2. d4 {[%emt 0:00:00]} d5 {[%emt 0:00:04]} 3. Nc3 {[%emt 0:00:00]} Nc6 {[%emt 0:00:47]} 4. e5 {[%emt 0:05:21]} Nge7 {[%emt 0:00:19]} 5. Nf3 {[%emt 0:06:38]} Nf5 {[%emt 0:00:22]} 6. Ne2 {[%emt 0:00:12]} Bd7 {[%emt 0:02:36]} 7. c3 {[%emt 0:03:45]} f6 {[%emt 0:02:44]} 8. Ng3 {[%emt 0:02:10]} Nxg3 {[%emt 0:08:37]} 9. hxg3 {[%emt 0:01:03]} Qe7 {[%emt 0:00:19]} 10. Qc2 {[%emt 0:07:25]} h6 {[%emt 0:07:50]} 11. exf6 {[%emt 0:13:01]} gxf6 {[%emt 0:05:07]} 12. Nh4 {[%emt 0:01:19]} Rg8 {[%emt 0:00:13]} 13. Ng6 {[%emt 0:03:08]} Qf7 {[%emt 0:00:12]} 14. Nxf8 {[%emt 0:00:54]} Qxf8 {[%emt 0:00:12]} 15. Bxh6 {[%emt 0:02:05]} Qd6 {[%emt 0:00:09]} 16. Bg7 {[%emt 0:09:44]} O-O-O {[%emt 0:01:09]} 17. Bxf6 {[%emt 0:00:45]} Rdf8 {[%emt 0:00:06]} 18. Rh6 {[%emt 0:09:39]} Rf7 {[%emt 0:00:16]} 19. Bh4 {[%emt 0:09:35]} Qf8 {[%emt 0:00:20]} 20. Rh5 {[%emt 0:00:22]} e5 {[%emt 0:03:56]} 21. dxe5 {[%emt 0:00:24]} Bg4 {[%emt 0:00:04]} 22. Rg5 {[%emt 0:02:30]} Rxg5 {[%emt 0:02:27]} 23. Bxg5 {[%emt 0:00:04]} Nxe5 {[%emt 0:00:07]} 24. Be3 {[%emt 0:04:57]} Qh8 {[%emt 0:05:07]} 25. Qa4 {[%emt 0:02:15]} a6 {[%emt 0:01:29]} 26. Qd4 {[%emt 0:00:12]} Re7 {[%emt 0:00:35]} 27. Kd2 {[%emt 0:03:00]} Qe8 {[%emt 0:00:59]} 28. Re1 {[%emt 0:00:43]} Bf5 {[%emt 0:00:05]} 29. f3 {[%emt 0:04:58]} Bh7 {[%emt 0:00:41]} 30. Bf2 {[%emt 0:05:29]} Qg6 {[%emt 0:00:13]} 31. Bd3 {[%emt 0:00:45]} Qxd3+ {[%emt 0:01:30]} 32. Qxd3 {[%emt 0:00:03]} Bxd3 {[%emt 0:00:08]} 33. f4 {[%emt 0:01:44]} Be4 {[%emt 0:00:05]} 34. fxe5 {[%emt 0:00:03]} Rxe5 {[%emt 0:00:13]} 35. Rh1 {[%emt 0:01:38]} Bxg2 {[%emt 0:00:33]} 36. Rh8+ {[%emt 0:01:05]} Kd7 {[%emt 0:00:04]} 37. Be3 {[%emt 0:00:09]} Re7 {[%emt 0:00:30]} 38. g4 {[%emt 0:00:50]} Be4 {[%emt 0:00:14]} 39. g5 {[%emt 0:00:30]} Rh7 {[%emt 0:00:05]} 40. Rxh7+ {[%emt 0:00:21]} Bxh7 {[%emt 0:00:06]} 41. Bf2 {[%emt 0:00:36]} 1/2-1/2

[Event "Vergani Le Terrazze-Elite 2019"]
[Site "Villorba"]
[Date "2019.01.04"]
[Round "5"]
[White "Bernadskiy, Vitaliy"]
[Black "Buhmann, Rainer"]
[Result "1/2-1/2"]
[WhiteElo "2550"]
[BlackElo "2574"]
[Annotator "TA"]
[PlyCount "151"]
[EventDate "2019.01.02"]
[EventType "swiss"]
[EventCountry "ITA"]
[SourceTitle "playchess.com"]
[Source "ChessBase"]
[SourceQuality "1"]

{[%evp 22,151,22,19,26,30,29,14,29,25,44,31,40,18,19,19,19,14,19,14,12,24,23,24,45,20,18,14,39,18,40,25,35,37,63,22,41,40,53,32,46,35,41,0,0,0,14,14,10,8,8,8,8,8,8,8,8,8,8,0,8,0,0,8,41,0,0,0,8,8,66,69,69,27,39,40,69,69,101,69,101,101,101,92,92,92,100,8,14,8,8,8,8,0,0,0,8,8,8,8,8,8,8,8,19,21,52,41,341,281,1277,1277,965,8,8,8,8,8,142,8,8,8,8,0,0,0,8,8,8,8,8,8]} 1. e4 e6 2. d4 d5 3. Nd2 c5 4. exd5 Qxd5 5. Ngf3 cxd4 6. Bc4 Qd8 7. O-O Nc6 8. Nb3 a6 {C07: French Tarrasch: 3...c5, 4 Ngf3 and 4 exd5 Qxd5} 9. Nbxd4 Nxd4 10. Qxd4 (10. Nxd4 Qc7 11. Bd3 Nf6 12. Re1 Bd6 13. h3 O-O 14. Bg5 Be5 15. c3 h6 16. Nf3 Bxc3 {1-0 (51) Mamedov,R (2709)-Le,Q (2737) Huaian 2017}) 10... Qxd4 11. Nxd4 Bd7 12. Bf4 {LiveBook: 3 Games} Ne7 $146 ({Predecessor:} 12... Rc8 13. Bb3 Bc5 14. Rad1 Ne7 {½-½ (54) Neuberger,G-Appel,R Landau 1988}) 13. Rad1 Rc8 14. Bb3 Ng6 15. Bg3 Bc5 16. c3 O-O 17. Rfe1 Rfd8 18. Bc2 Be8 19. Nb3 Bb6 20. Be4 Bc6 21. Bxc6 bxc6 22. Kf1 Kf8 23. Nd2 Rd5 24. Nc4 Bc7 25. Ne3 Rb5 26. Re2 Bxg3 27. hxg3 Ra5 28. b4 Rh5 {[%cal Rh5h1]} 29. Red2 Rh1+ 30. Ke2 Rxd1 31. Rxd1 $14 {[%mdl 4096] Endgame KRN-KRN} Ke7 32. c4 Rb8 33. Rb1 Ne5 34. Rb3 g5 35. c5 h5 36. Nc2 Rd8 37. Ra3 Nc4 38. Rd3 Rxd3 39. Kxd3 $11 {KN-KN} Ne5+ 40. Kd4 Ng4 41. f3 Nh6 42. Ne3 f6 43. a4 Nf7 44. f4 gxf4 45. gxf4 e5+ ({Better is} 45... Nh6 $11) 46. Ke4 $1 $14 exf4 47. Nf5+ Kd7 48. Kxf4 Ne5 49. Ke4 Nf7 50. Nd4 Ng5+ 51. Kf5 h4 52. Kg4 Ne4 53. Kxh4 Nc3 54. a5 (54. Kh5 $16) 54... Nd5 $11 55. Kg4 Nxb4 56. Kf5 Nd3 57. Ne6 Ke7 58. g4 Kf7 59. Nd8+ Kg7 60. Nb7 {Strongly threatening Ke6.} Kf7 61. Nd6+ Ke7 62. Ne4 Kf7 63. Nxf6 {Ne4 is the strong threat.} Nxc5 64. g5 {[%cal Bg4g5,Bg5g6][%mdl 32]} Nb7 $2 {[%mdl 8192]} (64... Ke7 $14) 65. g6+ $1 $18 Kf8 $2 (65... Kg7 66. Ne8+ Kg8) 66. Kg5 $1 Nd6 {[#]} 67. Kh6 $2 ({White must play} 67. Nd7+ $1 $18 Kg8 68. Nc5) 67... Nf5+ $11 68. Kh7 {aiming for Kh8.} Ke7 $1 {[%cal Re7f6]} 69. Ne4 {White wants to play Nd2.} (69. Ng4 {seems wilder.} c5 70. Kh8 Kf8 71. Ne3 Ng7 72. Kh7) 69... Ke6 {[#]} (69... Kd7 $1 $11) 70. Nc5+ (70. Ng3 $1 $16 {[%cal Rg3f5] Nxf5 would kill now.} Ne7 71. g7) 70... Kd6 $1 {[%cal Rd6c5] The position is equal.} 71. Na4 (71. Nxa6 {feels hotter.} c5 72. Kh8 Kc6 73. Nb8+ Kc7 74. g7) 71... c5 72. g7 Nxg7 $1 73. Kxg7 c4 74. Kf6 Kc6 75. Nc3 Kc5 76. Ke5 {Accuracy: White = 46%, Black = 54%.} 1/2-1/2

[Event "Vergani Le Terrazze-Elite 2019"]
[Site "Villorba"]
[Date "2019.01.04"]
[Round "5"]
[White "Shyam, Sundar M."]
[Black "Rahul Srivatshav P"]
[Result "1-0"]
[WhiteElo "2509"]
[BlackElo "2370"]
[Annotator "TA"]
[PlyCount "83"]
[EventDate "2019.01.02"]
[EventType "swiss"]
[EventCountry "ITA"]
[SourceTitle "playchess.com"]
[Source "ChessBase"]
[SourceQuality "1"]

{[%evp 19,83,17,16,0,72,64,68,76,75,53,60,62,77,83,81,76,80,58,66,69,73,66,71,66,59,58,56,59,59,59,54,52,62,66,49,58,58,58,58,25,95,22,126,125,109,81,387,380,345,351,322,312,530,516,915,811,761,761,1449,1583,29989,29990,29993,29994,29997,29998]} 1. e4 c5 2. Nf3 e6 3. d4 cxd4 4. Nxd4 Nc6 5. Nc3 Qc7 6. g3 a6 7. Bg2 Nf6 8. O-O Nxd4 9. Qxd4 Bc5 10. Qd1 {B47: Sicilian: Taimanov: 5 Nc3 Qc7 6 f4, 6 g3 and 6 Be2} d6 {LiveBook: 10 Games} 11. Bg5 h6 $146 (11... Nd7 $1 $11) ({Predecessor:} 11... Nd7 12. Na4 Ba7 13. c4 h6 14. Bd2 O-O 15. Bb4 Nc5 16. Nc3 Bd7 17. Ba3 a5 {½-½ (50) Bartel,M (2631)-Erenberg,A (2278) Jerusalem 2015}) 12. Bxf6 $1 $16 {White is better.} gxf6 13. Rc1 Bd7 14. Qf3 Bd4 15. Nd1 Ke7 16. c3 Bc5 17. Ne3 Rag8 18. b4 Bxe3 19. Qxe3 Bb5 20. Rfd1 Rc8 21. Rd2 a5 22. a3 axb4 23. axb4 Bc4 24. Ra1 Ra8 25. Rdd1 Bb5 26. h4 {[%cal Bh2h4,Bh4h5,Bh5h6,Bh6h7][%mdl 32]} Rhc8 27. Rxa8 ({Of course not} 27. Qxh6 Rxa1 28. Rxa1 Qxc3 $15) 27... Rxa8 28. Rc1 Ra3 29. h5 e5 (29... Qc8 $11) 30. Qd2 (30. Qxh6 $16 Rxc3 31. Ra1) 30... Qc6 (30... Qc8 $11) 31. c4 Bxc4 32. Qxh6 {And now g4 would win.} Ra2 $2 {[%mdl 8192] [#]} (32... b5 $16) 33. Qe3 $18 b5 34. h6 Ra8 35. Bh3 Qa6 $2 (35... Kf8 36. Bg4 Qe8) 36. h7 Rh8 (36... Qb7 $142 37. Rd1 Qc7) 37. Bf5 Qa8 38. g4 {[%cal Bg3g4,Bg4g5][%mdl 32]} Qa2 39. g5 Qb2 40. Rd1 {White mates.} Qb3 41. gxf6+ Kxf6 42. Qh6+ {Accuracy: White = 76%, Black = 45%.} 1-0